Music Quiz

Random Music Quiz

Pandora.com Similar Artists Quiz Stats

 Plays Quiz not verified by Sporcle

Support Sporcle.
Go Orange.
Score 0/90 Timer 15:00
0 Plays Today
Band Similar Bands % Correct
*NSyncBackstreet Boys
58.1%
Alice in ChainsNirvana
52.7%
Katy PerryLady Gaga
48.6%
Kanye WestEminem
45.9%
Elton JohnThe Beatles
44.6%
Ozzy OsbourneBlack Sabbath
43.2%
*NSyncBritney Spears
43.2%
Elton JohnBilly Joel
40.5%
Alice in ChainsSoundgarden
39.2%
Alice in ChainsPearl Jam
39.2%
Led ZeppelinThe Rolling Stones
39.2%
Snoop DoggDr. Dre
39.2%
Beastie BoysRun-D.M.C.
37.8%
Ozzy OsbourneMetallica
37.8%
Katy PerryP!nk
33.8%
Kanye WestJay-Z
32.4%
Garth BrooksAlan Jackson
31.1%
Taylor SwiftCarrie Underwood
31.1%
Al GreenMarvin Gaye
31.1%
Snoop DoggTupac
29.7%
Garth BrooksToby Keith
28.4%
*NSyncJustin Timberlake
28.4%
IncubusFoo Fighters
27%
Katy PerryRihanna
25.7%
Led ZeppelinPink Floyd
25.7%
*NSyncChristina Aguilera
25.7%
Hank Williams Jr.Johnny Cash
24.3%
Snoop DoggThe Notorious B.I.G.
23%
SealColdplay
23%
Alice in ChainsStone Temple Pilots
21.6%
Band Similar Bands % Correct
Garth BrooksTim McGraw
20.3%
Led ZeppelinCream
20.3%
Ozzy OsbourneGuns N' Roses
20.3%
The White StripesThe Black Keys
20.3%
Hank Williams Jr.Willie Nelson
20.3%
Garth BrooksGeorge Strait
18.9%
The White StripesThe Raconteurs
18.9%
Kanye WestDrake
17.6%
Katy PerryKe$ha
17.6%
IncubusRed Hot Chili Peppers
17.6%
DisturbedLinkin Park
17.6%
Al GreenOtis Redding
17.6%
Five For FightingThe Fray
17.6%
Ozzy OsbourneAC-DC
16.2%
Alice in ChainsTool
14.9%
Beastie BoysBeck
14.9%
Beastie BoysRage Against the Machine
14.9%
Led ZeppelinJimi Hendrix
14.9%
Snoop DoggIce Cube
14.9%
SealU2
14.9%
SealSting
14.9%
Elton JohnEagles
13.5%
The White StripesThe Strokes
12.2%
The White StripesModest Mouse
12.2%
IncubusWeezer
10.8%
IncubusSublime
10.8%
Al GreenBill Withers
10.8%
Taylor SwiftLady Antebellum
9.5%
Al GreenThe Temptations
9.5%
Kanye WestLupe Fiasco
8.1%
Band Similar Bands % Correct
Led ZeppelinCreedence Clearwater Revival
8.1%
Elton JohnFleetwood Mac
8.1%
DisturbedGodsmack
8.1%
DisturbedBreaking Benjamin
8.1%
Hank Williams Jr.Waylon Jennings
8.1%
Kanye WestKid Cudi
6.8%
Snoop DoggWarren G
6.8%
Taylor SwiftJason Mraz
6.8%
Elton JohnJourney
6.8%
Incubus311
6.8%
DisturbedThree Days Grace
6.8%
SealPeter Gabriel
6.8%
Beastie BoysCypress Hill
5.4%
Taylor SwiftRascal Flatts
5.4%
*NSyncSpice Girls
5.4%
Five For FightingThe Goo Goo Dolls
5.4%
Five For FightingTrain
5.4%
Garth BrooksAlabama
4.1%
Taylor SwiftColbie Caillat
4.1%
Al GreenThe Spinners
4.1%
Five For FightingLifehouse
4.1%
SealSade
4.1%
Katy PerryBruno Mars
2.7%
Ozzy OsbourneScorpions
2.7%
The White StripesCage the Elephant
2.7%
DisturbedDrowning Pool
2.7%
Five For FightingHowie Day
2.7%
Hank Williams Jr.Charlie Daniels
2.7%
Beastie BoysHouse of Pain
1.4%
Hank Williams Jr.David Allan Coe
0%

You're not logged in!

Compare scores with friends on all Sporcle quizzes.
OR
Log In

From the Vault

Born in France

by CCCP

These folks know exactly where to find a great croissant.

You Might Also Like...

Remove Ads.
Support Sporcle.
Get the best of Sporcle when you Go Orange. This ad-free experience offers more features, more stats, and more fun while also helping to support Sporcle. Thank you for becoming a member.

Show Comments

Extras

Created Feb 26, 2011SourceReportNominate
Tags:pandora, Pandora Music

Top Quizzes Today


Score Distribution

Your Account Isn't Verified!

In order to create a playlist on Sporcle, you need to verify the email address you used during registration. Go to your Sporcle Settings to finish the process.

Report this User

Report this user for behavior that violates our Community Guidelines.

Details: